| 000 | 02048cam a2200277 a 4500 | ||
|---|---|---|---|
| 001 | TB12447 | ||
| 003 | IN-BhIIT | ||
| 005 | 20250806163836.0 | ||
| 008 | 080408s2008 cau b 001 0 eng c | ||
| 020 | _a9780804700788 (PBK.) | ||
| 040 | _aIN-BhIIT | ||
| 041 | _aeng | ||
| 082 | 0 | 0 |
_a211.8092 _bHAG/R |
| 100 | 1 |
_aHagglund, Martin. _eAuthor _926232 |
|
| 245 | 1 | 0 |
_aRadical atheism : _bderrida and the time of life / _cMartin Hagglund. |
| 260 |
_aStanford, Calif. : _bStanford University Press, _c2008. |
||
| 300 |
_aix, 255 p. : _bill. ; _c23 cm. |
||
| 490 | 1 | _aMeridian, crossing aesthetics | |
| 504 | _aIncludes bibliographical references and index. | ||
| 505 | 0 | _aAutoimmunity of time : Derrida and Kant -- Arche-writing : Derrida and Husserl -- Arche-violence : Derrida and Levinas -- Autoimmunity of life : Derrida's radical atheism -- Autoimmunity of democracy : Derrida and Laclau. | |
| 520 | _aRadical Atheism presents a profound new reading of the influential French philosopher Jacques Derrida. Against the prevalent notion that there was an ethical or religious "turn" in Derrida's thinking, Hagglund argues that a radical atheism informs Derrida's work from beginning to end. Proceeding from Derrida's insight into the constitution of time, Hägglund demonstrates how Derrida rethinks the condition of identity, ethics, religion, and political emancipation in accordance with the logic of radical atheism. Hägglund challenges other major interpreters of Derrida's work and offers a compelling account of Derrida's thinking on life and death, good and evil, self and other. Furthermore, Hägglund does not only explicate Derrida's position but also develops his arguments, fortifies his logic, and pursues its implications. The result is a groundbreaking deconstruction of the perennial philosophical themes of time and desire as well as pressing contemporary issues of sovereignty and democracy. | ||
| 650 | 0 |
_aAtheism. _926233 |
|
| 650 | 0 |
_aDeconstruction. _926086 |
|
| 650 | 0 |
_aPhilosophy and religion. _921015 |
|
| 942 | _cTB | ||
| 999 |
_c14755 _d14755 |
||